=LDR 00000nam 2200000 4500 =001 INLIS000000000026941 =005 20130612125343 =008 ***********************************Ind** =035 ##$$0010-061300000026941 =041 ##$$a Ind =082 ##$$a 657 =090 ##$$a 657, Set a =100 ##$$a Setiabudi, Hendry Y =245 ##$$a Akuntansi ekuitas, dalam narasi kapitalisme, sosialisme, dan islam, Hendry Y. Setiabudi, Iwan Triyuwono =260 ##$$a 2002 $b Jakarta =300 ##$$a x, 196 hlm, 24 cm =650 ##$$a Akuntansi =700 ##$$a Triyuwono, Iwan =850 ##$$a NBPNMAT =990 ##$$a 0001/BPAP-NTB/20142015